[Event "Asuncion zt 2.5"]
[Site "Asuncion"]
[Date "2023.03.10"]
[Round "8"]
[White "Real de Azua, Ernesto"]
[Black "Krysa, Leandro Sergio"]
[Result "0-1"]
[WhiteElo "2449"]
[BlackElo "2538"]
[PlyCount "128"]
[EventDate "2023.03.05"]
[EventType "swiss"]
[EventRounds "9"]
[EventCountry "PAR"]
[SourceTitle "CBM 213 Extra"]
[Source "ChessBase"]
[SourceDate "2023.05.31"]
[SourceVersion "1"]
[SourceVersionDate "2023.05.31"]
[SourceQuality "1"]

1. d4 d5 2. c4 c6 3. Nf3 Nf6 4. Qb3 e6 5. Bg5 Nbd7 6. e3 Qa5+ 7. Nc3 Ne4 8. Bf4 Bb4 9. Rc1 g5 10. Bg3 h5 11. h3 Nxg3 12. fxg3 Bd6 13. cxd5 Bxg3+ 14. Kd1 exd5 15. Nxg5 Qd8 16. Nf3 Qe7 17. Bd3 Nf6 18. Rc2 Be6 19. Ng5 Rg8 20. Nxe6 fxe6 21. Qa4 Nd7 22. Re2 Nb6 23. Qc2 0-0-0 24. Kc1 e5 25. dxe5 Qxe5 26. Na4 Kb8 27. Nxb6 axb6 28. e4 Rgf8 29. exd5 Qxd5 30. Bc4 Qg5+ 31. Kb1 b5 32. Bd3 Rd6 33. Qc3 h4 34. a3 Rd5 35. Be4 Re5 36. Qd3 Qe7 37. Bf3 Rxe2 38. Qxe2 Qxe2 39. Bxe2 Rf2 40. Bd3 Rxg2 41. Rc1 Rf2 42. Be4 Be5 43. Rc2 Rf4 44. Re2 Kc7 45. Bxc6 bxc6 46. Rxe5 Rf3 47. Rh5 Rxh3 48. b4 Rh2 49. Rh6 h3 50. Kc1 Kd7 51. Kd1 Kc7 52. Kc1 Kd8 53. Kd1 Kd7 54. Ke1 Rh1+ 55. Kf2 h2 56. Kg2 Ra1 57. Kxh2 Rxa3 58. Kg2 Rc3 59. Rh1 Kd6 60. Rd1+ Ke5 61. Kf2 Rc4 62. Rb1 Kd4 63. Ke2 Kc3 64. Ke3 Kc2 0-1

[Event "Asuncion zt 2.5"]
[Site "Asuncion"]
[Date "2023.03.06"]
[Round "3"]
[White "Larrea, Manuel"]
[Black "Real de Azua, Ernesto"]
[Result "0-1"]
[WhiteElo "2323"]
[BlackElo "2449"]
[PlyCount "56"]
[EventDate "2023.03.05"]
[EventType "swiss"]
[EventRounds "9"]
[EventCountry "PAR"]
[SourceTitle "CBM 213 Extra"]
[Source "ChessBase"]
[SourceDate "2023.05.31"]
[SourceVersion "1"]
[SourceVersionDate "2023.05.31"]
[SourceQuality "1"]

1. e4 e5 2. Nf3 Nc6 3. Bc4 Nf6 4. Ng5 d5 5. exd5 Na5 6. Bb5+ c6 7. dxc6 bxc6 8. Bd3 Nd5 9. Nf3 Bd6 10. 0-0 0-0 11. Re1 f5 12. Nxe5 Qf6 13. Nc4 Nxc4 14. Bxc4 Qh4 15. Bxd5+ cxd5 16. h3 Qf4 17. g3 Qh6 18. Qf3 Qxh3 19. Qxd5+ Kh8 20. Qxa8 f4 21. Qg2 fxg3 22. fxg3 Qg4 23. Nc3 Bxg3 24. Re4 Bf2+ 25. Kh1 Qh5+ 26. Qh2 Bh3 27. Rf4 Rxf4 28. Qxf4 Bf1+ 0-1

[Event "Vicente Lopez ProAm 100 Years op"]
[Site "Buenos Aires"]
[Date "2022.10.16"]
[Round "6"]
[White "Real de Azua, Ernesto"]
[Black "Fiorito, Francisco"]
[Result "1/2-1/2"]
[WhiteElo "2442"]
[BlackElo "2304"]
[PlyCount "72"]
[EventDate "2022.10.11"]
[EventType "swiss"]
[EventRounds "9"]
[EventCountry "ARG"]
[SourceTitle "CBM 210 Extra"]
[Source "ChessBase"]
[SourceDate "2022.11.30"]
[SourceVersion "1"]
[SourceVersionDate "2022.11.30"]
[SourceQuality "1"]

1. d4 Nf6 2. c4 b6 3. Nc3 Bb7 4. Qc2 d5 5. cxd5 Nxd5 6. Nf3 Nxc3 7. bxc3 e6 8. e4 Be7 9. Bb5+ c6 10. Bd3 Nd7 11. Bf4 c5 12. 0-0 0-0 13. Qe2 Re8 14. Rad1 cxd4 15. cxd4 Ba3 16. e5 Be7 17. Nd2 Nf8 18. Ne4 Ng6 19. Be3 Qd5 20. f4 Nh4 21. Bf2 Nf5 22. Qh5 g6 23. Qh3 h5 24. Ng3 Qxa2 25. Rfe1 Bd5 26. Nxh5 gxh5 27. Qxh5 Bd8 28. Bxf5 exf5 29. Rd3 Re6 30. Rh3 Kf8 31. Qxf5 Rg6 32. Rg3 Rxg3 33. hxg3 b5 34. Qh7 Ba5 35. Rc1 Qd2 36. Rc5 Qd1+ 1/2-1/2

[Event "Vicente Lopez ProAm 100 Years op"]
[Site "Buenos Aires"]
[Date "2022.10.15"]
[Round "5"]
[White "Fier, Alexandr"]
[Black "Real de Azua, Ernesto"]
[Result "1/2-1/2"]
[WhiteElo "2592"]
[BlackElo "2442"]
[PlyCount "65"]
[EventDate "2022.10.11"]
[EventType "swiss"]
[EventRounds "9"]
[EventCountry "ARG"]
[SourceTitle "CBM 210 Extra"]
[Source "ChessBase"]
[SourceDate "2022.11.30"]
[SourceVersion "1"]
[SourceVersionDate "2022.11.30"]
[SourceQuality "1"]

1. e4 e5 2. Nf3 Nc6 3. Bb5 a6 4. Ba4 Nf6 5. 0-0 Be7 6. Re1 b5 7. Bb3 0-0 8. h3 Bb7 9. d3 d6 10. a3 Qd7 11. Nc3 Rfe8 12. Bd2 h6 13. Nd5 Nxd5 14. exd5 Nd4 15. Nxd4 exd4 16. Qf3 Bg5 17. Bxg5 hxg5 18. Re4 Re5 19. Rxd4 f5 20. Qg3 Qe7 21. f4 gxf4 22. Rxf4 Re8 23. Raf1 Qf6 24. Qf2 Re2 25. Qd4 Qxd4+ 26. Rxd4 g6 27. g4 R8e3 28. Rf2 Rxf2 29. Kxf2 Rxh3 30. gxf5 gxf5 31. Kg2 Re3 32. Kf2 Rh3 33. Kg2 1/2-1/2

[Event "Rio Negro op"]
[Site "Cipolletti"]
[Date "2022.05.15"]
[Round "9"]
[White "Real de Azua, Ernesto"]
[Black "Villarreal, Agustin"]
[Result "1-0"]
[WhiteElo "2446"]
[BlackElo "2033"]
[PlyCount "72"]
[EventDate "2022.05.11"]
[EventType "swiss"]
[EventRounds "9"]
[EventCountry "ARG"]
[SourceTitle "CBM 208 Extra"]
[Source "ChessBase"]
[SourceDate "2022.07.31"]
[SourceVersion "1"]
[SourceVersionDate "2022.07.31"]
[SourceQuality "1"]

1. d4 d5 2. c4 c6 3. Nf3 Nf6 4. Qc2 e6 5. g3 Nbd7 6. Bg2 Bb4+ 7. Nbd2 0-0 8. 0-0 b5 9. c5 Re8 10. Nb3 a5 11. Bf4 a4 12. Nc1 Ba5 13. Nd3 Bb7 14. Nde5 Nxe5 15. Nxe5 Nd7 16. e4 Nxe5 17. Bxe5 Bc7 18. Bxc7 Qxc7 19. e5 b4 20. Qd2 Ba6 21. Rfe1 Rab8 22. h4 h6 23. h5 a3 24. b3 Kf8 25. f4 Ke7 26. Bf1 Bxf1 27. Rxf1 g6 28. hxg6 fxg6 29. Kf2 Rg8 30. Rh1 h5 31. Rag1 Rg7 32. g4 hxg4 33. Rxg4 Qb7 34. f5 exf5 35. Qg5+ Kd7 36. Qxf5+ Kc7 1-0

[Event "Titled Tuesday intern op 11th Jan"]
[Site "Chess.com INT"]
[Date "2022.01.11"]
[Round "9"]
[White "Gulatz, Maurice"]
[Black "Real de Azua, Ernesto"]
[Result "0-1"]
[WhiteElo "2213"]
[BlackElo "2446"]
[PlyCount "62"]
[EventDate "2022.01.11"]
[EventType "swiss (blitz)"]
[EventRounds "11"]
[EventCountry "USA"]
[SourceTitle "CBM 206 Extra"]
[Source "ChessBase"]
[SourceDate "2022.03.31"]
[SourceVersion "1"]
[SourceVersionDate "2022.03.31"]
[SourceQuality "1"]

1. e4 c6 2. d4 d5 3. e5 c5 4. dxc5 e6 5. Bd3 Nd7 6. Nf3 Nxc5 7. 0-0 Ne7 8. Re1 Nxd3 9. Qxd3 Nc6 10. c4 dxc4 11. Qxc4 Be7 12. Qg4 g6 13. Nc3 h5 14. Qf4 Nb4 15. Rd1 Qb6 16. Be3 Qa6 17. Rac1 Nd3 18. Rxd3 Qxd3 19. Rd1 Qf5 20. Qa4+ Kf8 21. Ne4 h4 22. h3 Kg7 23. Nd6 Qh5 24. Ne8+ Kh7 25. Nf6+ Bxf6 26. exf6 Rf8 27. Ng5+ Kg8 28. Qb4 Qxd1+ 29. Kh2 Qh5 30. Qe7 b6 31. f4 Ba6 0-1

[Event "Titled Tuesday intern op 11th Jan"]
[Site "Chess.com INT"]
[Date "2022.01.11"]
[Round "8"]
[White "Leiva Rodriguez, Jeammarco Giuseppe"]
[Black "Real de Azua, Ernesto"]
[Result "1-0"]
[WhiteElo "2405"]
[BlackElo "2446"]
[PlyCount "145"]
[EventDate "2022.01.11"]
[EventType "swiss (blitz)"]
[EventRounds "11"]
[EventCountry "USA"]
[SourceTitle "CBM 206 Extra"]
[Source "ChessBase"]
[SourceDate "2022.03.31"]
[SourceVersion "1"]
[SourceVersionDate "2022.03.31"]
[SourceQuality "1"]

1. e4 e5 2. Nf3 Nc6 3. Bc4 Nf6 4. d3 Bc5 5. 0-0 d6 6. c3 a5 7. Re1 0-0 8. h3 h6 9. Nbd2 Be6 10. Bb5 Ba7 11. Nf1 Ne7 12. Ng3 Ng6 13. d4 exd4 14. cxd4 d5 15. e5 Ne4 16. Bd3 c5 17. Nxe4 dxe4 18. Bxe4 cxd4 19. Bxb7 Rb8 20. Be4 Qd7 21. b3 Rfd8 22. Ba3 d3 23. Bd6 Nf4 24. Bxb8 Rxb8 25. Qd2 g5 26. Re3 Rc8 27. Rxd3 Nxd3 28. Qxd3 Qe7 29. Rd1 Qb4 30. Bh7+ Kg7 31. Bf5 Qc5 32. Bxe6 fxe6 33. Qd7+ Kf8 34. Qxe6 Qxf2+ 35. Kh1 Qc2 36. Qf6+ Kg8 37. Rf1 Rf8 38. Qxh6 Be3 39. Qh5 Qf5 40. Qg4 Qd3 41. Re1 Bf4 42. Qe6+ Kg7 43. Qc4 Qf5 44. Qe4 Qe6 45. Qb7+ Rf7 46. Qe4 Bg3 47. Rd1 Bf4 48. Rd6 Qxe5 49. Qg6+ Kf8 50. Re6 Qa1+ 51. Re1 Qf6 52. Qxf6 Rxf6 53. Rd1 Re6 54. h4 g4 55. Nh2 Kg7 56. Nxg4 Re2 57. Kg1 Rxa2 58. Kf1 Rb2 59. Nf2 Rxb3 60. Nd3 Be3 61. Ke2 Bd4 62. Rc1 a4 63. Rc4 Bf6 64. Rxa4 Rc3 65. Ra7+ Kg6 66. Ra6 Rc2+ 67. Kf3 Rc3 68. Ke4 Kg7 69. g4 Rc4+ 70. Kf3 Bxh4 71. Ra7+ Kg6 72. Ne5+ Kf6 73. Nxc4 1-0

[Event "Titled Tuesday intern op 11th Jan"]
[Site "Chess.com INT"]
[Date "2022.01.11"]
[Round "1"]
[White "Real de Azua, Ernesto"]
[Black "Ardila, Oscar Humberto"]
[Result "0-1"]
[WhiteElo "2446"]
[BlackElo "1988"]
[PlyCount "70"]
[EventDate "2022.01.11"]
[EventType "swiss (blitz)"]
[EventRounds "11"]
[EventCountry "USA"]
[SourceTitle "CBM 206 Extra"]
[Source "ChessBase"]
[SourceDate "2022.03.31"]
[SourceVersion "1"]
[SourceVersionDate "2022.03.31"]
[SourceQuality "1"]

1. d4 Nf6 2. c4 g6 3. Nc3 Bg7 4. e4 d6 5. h3 0-0 6. Be3 e5 7. d5 c6 8. Nf3 a6 9. Nd2 cxd5 10. cxd5 b5 11. a3 Nbd7 12. Be2 Nc5 13. Rc1 Ne8 14. b4 Nd7 15. g4 f5 16. gxf5 gxf5 17. exf5 Rxf5 18. Bg4 Rf8 19. Nde4 Ndf6 20. Rg1 Nxg4 21. hxg4 Nf6 22. Bg5 Qb6 23. Bxf6 Bxf6 24. g5 Bg7 25. g6 h6 26. Ne2 Bd7 27. N2g3 Rac8 28. Rxc8 Bxc8 29. Qc2 Bd7 30. Qe2 a5 31. Nh5 axb4 32. axb4 Qd4 33. Kf1 Bf5 34. Nxg7 Kxg7 35. Nxd6 Bd3 0-1

[Event "Titled Tuesday intern op 11th Jan"]
[Site "Chess.com INT"]
[Date "2022.01.11"]
[Round "3"]
[White "Real de Azua, Ernesto"]
[Black "Astafurov, Arseniy"]
[Result "1-0"]
[WhiteElo "2446"]
[BlackElo "2263"]
[PlyCount "69"]
[EventDate "2022.01.11"]
[EventType "swiss (blitz)"]
[EventRounds "11"]
[EventCountry "USA"]
[SourceTitle "CBM 206 Extra"]
[Source "ChessBase"]
[SourceDate "2022.03.31"]
[SourceVersion "1"]
[SourceVersionDate "2022.03.31"]
[SourceQuality "1"]

1. c4 c6 2. Nf3 d5 3. e3 Nf6 4. Nc3 a6 5. d4 e6 6. b3 Bb4 7. Bd2 Nbd7 8. Bd3 Qe7 9. 0-0 0-0 10. Qe1 dxc4 11. bxc4 e5 12. Bc2 a5 13. Nh4 Nb6 14. c5 Nbd5 15. Ne2 e4 16. g3 Bh3 17. Ng2 g5 18. a3 Bxd2 19. Qxd2 Ng4 20. Nc3 Nxc3 21. Qxc3 Qe6 22. Rae1 Qh6 23. Bxe4 Bxg2 24. Kxg2 Qxh2+ 25. Kf3 Qh5 26. Rh1 Nh2+ 27. Kg2 Qg4 28. f3 Nxf3 29. Bxf3 Qe6 30. Rh5 f6 31. Qd3 Rf7 32. d5 Qd7 33. d6 Re8 34. Reh1 Kf8 35. Rxh7 1-0

[Event "Titled Tuesday intern op 28th Sept"]
[Site "Chess.com INT"]
[Date "2021.09.28"]
[Round "2"]
[White "Onischuk, Vladimir"]
[Black "Real de Azua, Ernesto"]
[Result "1-0"]
[WhiteElo "2622"]
[BlackElo "2440"]
[PlyCount "81"]
[EventDate "2021.09.28"]
[EventType "swiss (blitz)"]
[EventRounds "11"]
[EventCountry "USA"]
[SourceTitle "CBM 204 Extra"]
[Source "ChessBase"]
[SourceDate "2021.11.30"]
[SourceVersion "1"]
[SourceVersionDate "2021.11.30"]
[SourceQuality "1"]

1. e4 c6 2. d4 d5 3. Nc3 dxe4 4. Nxe4 Bf5 5. Ng3 Bg6 6. c3 e6 7. Nh3 Bd6 8. Nf4 Qc7 9. Qf3 Nd7 10. Nxg6 hxg6 11. Ne4 Ngf6 12. Nxd6+ Qxd6 13. g3 0-0-0 14. Bg2 e5 15. 0-0 e4 16. Qe2 Qe6 17. h4 Rde8 18. Re1 Qf5 19. Bg5 Re6 20. c4 Rhe8 21. Rac1 Kb8 22. Bf4+ Ka8 23. Red1 Qg4 24. Qxg4 Nxg4 25. Bh3 Ndf6 26. d5 R6e7 27. d6 Rd7 28. Bg5 e3 29. fxe3 Re4 30. c5 Nd5 31. Rd4 Rxd4 32. exd4 f5 33. Re1 a5 34. Bxg4 fxg4 35. Re8+ Ka7 36. Rd8 Rf7 37. d7 Rf3 38. Ra8+ Kxa8 39. d8Q+ Ka7 40. Qxa5+ Kb8 41. Kg2 1-0

[Event "Titled Tuesday intern op 28th Sept"]
[Site "Chess.com INT"]
[Date "2021.09.28"]
[Round "5"]
[White "Real de Azua, Ernesto"]
[Black "Sinitsina, Anastassia"]
[Result "0-1"]
[WhiteElo "2440"]
[BlackElo "2115"]
[PlyCount "80"]
[EventDate "2021.09.28"]
[EventType "swiss (blitz)"]
[EventRounds "11"]
[EventCountry "USA"]
[SourceTitle "CBM 204 Extra"]
[Source "ChessBase"]
[SourceDate "2021.11.30"]
[SourceVersion "1"]
[SourceVersionDate "2021.11.30"]
[SourceQuality "1"]

1. d4 Nf6 2. Nf3 g6 3. Nbd2 Bg7 4. e4 0-0 5. Bd3 d6 6. 0-0 Nbd7 7. Re1 e5 8. c3 Re8 9. h3 c6 10. Nc4 Qc7 11. dxe5 dxe5 12. b4 Nf8 13. Qe2 h6 14. Qc2 Nh5 15. Bf1 Be6 16. Be3 Nf4 17. a4 g5 18. Nfd2 N8g6 19. a5 h5 20. Nb3 g4 21. Nc5 gxh3 22. Nxe6 Rxe6 23. g3 Ng2 24. Bxg2 hxg2 25. Kxg2 h4 26. Rh1 hxg3 27. fxg3 Ree8 28. Raf1 Qd7 29. Qe2 Qe6 30. Bc5 b5 31. Ne3 Rad8 32. Qh5 Rd2+ 33. Rf2 Rxf2+ 34. Kxf2 Nf8 35. Nf5 Qg6 36. Qf3 Ne6 37. Ne7+ Rxe7 38. Bxe7 Bf8 39. Bxf8 Ng5 40. Ke2 Nxf3 0-1

[Event "Titled Tuesday intern op 28th Sept"]
[Site "Chess.com INT"]
[Date "2021.09.28"]
[Round "4"]
[White "Real de Azua, Ernesto"]
[Black "Wagner, Dennis"]
[Result "0-1"]
[WhiteElo "2440"]
[BlackElo "2576"]
[PlyCount "88"]
[EventDate "2021.09.28"]
[EventType "swiss (blitz)"]
[EventRounds "11"]
[EventCountry "USA"]
[SourceTitle "CBM 204 Extra"]
[Source "ChessBase"]
[SourceDate "2021.11.30"]
[SourceVersion "1"]
[SourceVersionDate "2021.11.30"]
[SourceQuality "1"]

1. Nf3 c5 2. c4 Nc6 3. d4 cxd4 4. Nxd4 Nf6 5. Nc3 e6 6. a3 Be7 7. e4 0-0 8. Be2 d5 9. exd5 exd5 10. Be3 Ne5 11. cxd5 Nxd5 12. Nxd5 Qxd5 13. 0-0 Rd8 14. Rc1 h6 15. h3 a6 16. Re1 Bf6 17. Qc2 b5 18. Qc5 Bb7 19. Qxd5 Bxd5 20. b3 Rac8 21. f4 Nc6 22. Nxc6 Bxc6 23. Kf2 Bb2 24. Rc2 Bxa3 25. Ra1 Bf8 26. Rxa6 Bd7 27. Rxc8 Rxc8 28. Ra7 Be6 29. Bxb5 Rc3 30. Ra8 Rxb3 31. Be2 Rc3 32. Bd4 Rc2 33. Ke3 Bd5 34. Rd8 Bxg2 35. Bd3 Rc7 36. Bb2 Bxh3 37. Ba3 Rc8 38. Rxc8 Bxc8 39. Bb2 Bc5+ 40. Kf3 Bb7+ 41. Kg4 g6 42. f5 Bc8 43. Kf4 Bd6+ 44. Kg4 Kh7 0-1

[Event "Titled Tuesday intern op 21st Sept"]
[Site "Chess.com INT"]
[Date "2021.09.21"]
[Round "6"]
[White "P, Komal Kishore"]
[Black "Real de Azua, Ernesto"]
[Result "0-1"]
[WhiteElo "2153"]
[BlackElo "2440"]
[PlyCount "86"]
[EventDate "2021.09.21"]
[EventType "swiss (blitz)"]
[EventRounds "9"]
[EventCountry "USA"]
[SourceTitle "EXT 2022"]
[Source "ChessBase"]
[SourceDate "2021.10.06"]
[SourceVersion "1"]
[SourceVersionDate "2021.10.06"]
[SourceQuality "1"]

1. e4 e5 2. Nf3 Nc6 3. Bc4 Nf6 4. d3 Be7 5. Nc3 0-0 6. 0-0 d6 7. h3 Na5 8. Bb5 a6 9. Ba4 b5 10. b4 Nc6 11. Bb3 Nxb4 12. Bg5 Be6 13. a3 Nc6 14. Bxf6 Bxf6 15. Nd5 Rb8 16. Qd2 Nd4 17. Nxd4 exd4 18. f4 c6 19. Nb4 Qb6 20. f5 Bxb3 21. cxb3 a5 22. Nc2 c5 23. g4 c4 24. b4 a4 25. Ne1 Rfc8 26. Rc1 d5 27. Qf4 dxe4 28. Qxe4 Re8 29. Qd5 c3 30. Nf3 Rbd8 31. Qa2 h6 32. h4 Qd6 33. Qg2 Re3 34. g5 hxg5 35. hxg5 Be5 36. Rcd1 Bf4 37. f6 Rde8 38. fxg7 Qg6 39. Nh4 Qxg5 40. Qxg5 Bxg5 41. Nf5 Re2 42. Rf2 Rxf2 43. Kxf2 Re5 0-1

[Event "Titled Tuesday intern op 31st Aug"]
[Site "Chess.com INT"]
[Date "2021.08.31"]
[Round "8"]
[White "Real de Azua, Ernesto"]
[Black "Pacheco Lugo, Alejandro Jose"]
[Result "1-0"]
[WhiteElo "2440"]
[BlackElo "2127"]
[PlyCount "71"]
[EventDate "2021.08.31"]
[EventType "swiss (blitz)"]
[EventRounds "11"]
[EventCountry "USA"]
[SourceTitle "EXT 2022"]
[Source "ChessBase"]
[SourceDate "2021.10.06"]
[SourceVersion "1"]
[SourceVersionDate "2021.10.06"]
[SourceQuality "1"]

1. d4 Nf6 2. Nf3 d5 3. Bf4 c5 4. e3 Nc6 5. Nbd2 e6 6. c3 Bd6 7. Bb5 0-0 8. Bxc6 bxc6 9. Bxd6 Qxd6 10. Qa4 cxd4 11. cxd4 Rb8 12. Nb3 Ne4 13. Rc1 Bd7 14. Ne5 Be8 15. Qa3 f6 16. Qxd6 Nxd6 17. Nxc6 Rb6 18. Nca5 Bb5 19. Rc7 Nc4 20. Rxa7 Nxb2 21. Kd2 Rc8 22. Nc5 e5 23. Rb1 exd4 24. exd4 Nc4+ 25. Nxc4 dxc4 26. a4 c3+ 27. Kxc3 Ra6 28. Rxa6 Bxa6 29. Rb6 Bf1 30. g3 h5 31. h4 Re8 32. a5 Re2 33. a6 Rxf2 34. a7 Ra2 35. Rb8+ Kh7 36. a8Q 1-0

[Event "Titled Tuesday intern op 31st Aug"]
[Site "Chess.com INT"]
[Date "2021.08.31"]
[Round "9"]
[White "Shkapenko, Pavel"]
[Black "Real de Azua, Ernesto"]
[Result "1-0"]
[WhiteElo "2424"]
[BlackElo "2440"]
[PlyCount "89"]
[EventDate "2021.08.31"]
[EventType "swiss (blitz)"]
[EventRounds "11"]
[EventCountry "USA"]
[SourceTitle "EXT 2022"]
[Source "ChessBase"]
[SourceDate "2021.10.06"]
[SourceVersion "1"]
[SourceVersionDate "2021.10.06"]
[SourceQuality "1"]

1. e4 c6 2. d4 d5 3. e5 Bf5 4. h4 Qc8 5. c4 e6 6. Nc3 h6 7. Nge2 Ne7 8. Ng3 Bh7 9. Bd3 Bxd3 10. Qxd3 Nd7 11. 0-0 dxc4 12. Qxc4 Nd5 13. Qe2 Be7 14. Qg4 g6 15. Nge4 Qc7 16. Qf3 Rd8 17. Bd2 N7b6 18. Rac1 Bxh4 19. Nb5 Qe7 20. Nbd6+ Kf8 21. Qg4 h5 22. Qh3 f5 23. Nc5 Nc8 24. Nxc8 Rxc8 25. g3 b6 26. gxh4 bxc5 27. Rxc5 Kf7 28. Rfc1 Qd7 29. Qg3 Ne7 30. Qg5 Ng8 31. Be3 Rh7 32. R1c3 Rg7 33. Ra3 Ke8 34. Rca5 Qe7 35. Qxe7+ Nxe7 36. Rxa7 Kf8 37. Bh6 Re8 38. Rd7 Kg8 39. Bxg7 Kxg7 40. Raa7 Kf7 41. Rac7 Kf8 42. a4 Nd5 43. Rb7 f4 44. a5 Ne7 45. a6 1-0

[Event "Titled Tuesday intern op 24th Aug"]
[Site "Chess.com INT"]
[Date "2021.08.24"]
[Round "10"]
[White "Bortnyk, Olexandr"]
[Black "Real de Azua, Ernesto"]
[Result "1-0"]
[WhiteElo "2604"]
[BlackElo "2440"]
[PlyCount "109"]
[EventDate "2021.08.24"]
[EventType "swiss (blitz)"]
[EventRounds "11"]
[EventCountry "USA"]
[SourceTitle "EXT 2022"]
[Source "ChessBase"]
[SourceDate "2021.10.06"]
[SourceVersion "1"]
[SourceVersionDate "2021.10.06"]
[SourceQuality "1"]

1. d4 Nf6 2. Nc3 d5 3. Bf4 a6 4. e3 e6 5. Nf3 c5 6. a3 Nc6 7. Bd3 b5 8. 0-0 Bb7 9. dxc5 Bxc5 10. e4 b4 11. exd5 bxc3 12. dxc6 Bxc6 13. bxc3 0-0 14. Qe2 Bxf3 15. Qxf3 Qd5 16. Qh3 Rfc8 17. Rae1 Bd6 18. c4 Qd4 19. Be3 Qg4 20. Bxh7+ Kf8 21. Bd3 Qxh3 22. gxh3 Bxa3 23. Ra1 Bc5 24. Bd2 Nd7 25. Bc3 Be7 26. Rfb1 Nc5 27. Ra5 Bf6 28. Bb4 Be7 29. Rba1 g6 30. Bxc5 Bxc5 31. Rxa6 Rxa6 32. Rxa6 Rb8 33. Kg2 Kg7 34. Rc6 Bd4 35. Rc7 Kf6 36. c5 Be5 37. Rc6 Rb4 38. Rc8 Rb7 39. h4 Rc7 40. Rh8 Rxc5 41. h5 gxh5 42. Rxh5 Kg7 43. h4 Bd6 44. Rh7+ Kf6 45. Rh8 Ra5 46. Rg8 Ra4 47. Kh3 Ra5 48. f3 Rc5 49. Kg4 Re5 50. h5 Rc5 51. h6 Be5 52. h7 Ke7 53. h8Q f5+ 54. Kh3 Bxh8 55. Rxh8 1-0

[Event "Titled Tuesday intern op 24th Aug"]
[Site "Chess.com INT"]
[Date "2021.08.24"]
[Round "4"]
[White "Kamsky, Gata"]
[Black "Real de Azua, Ernesto"]
[Result "1-0"]
[WhiteElo "2649"]
[BlackElo "2440"]
[PlyCount "81"]
[EventDate "2021.08.24"]
[EventType "swiss (blitz)"]
[EventRounds "11"]
[EventCountry "USA"]
[SourceTitle "EXT 2022"]
[Source "ChessBase"]
[SourceDate "2021.10.06"]
[SourceVersion "1"]
[SourceVersionDate "2021.10.06"]
[SourceQuality "1"]

1. d4 Nf6 2. Nf3 b6 3. Bf4 Bb7 4. e3 d6 5. h3 g6 6. a4 a6 7. Nbd2 Bg7 8. c3 0-0 9. Bc4 e6 10. 0-0 Ne4 11. Nxe4 Bxe4 12. Nd2 Bb7 13. e4 Nd7 14. Re1 Qe7 15. Nf3 e5 16. Bg5 Bf6 17. Bh6 Bg7 18. Qd2 Nf6 19. Bg5 Rad8 20. Qe2 exd4 21. cxd4 Qxe4 22. Qxe4 Nxe4 23. Bxd8 Rxd8 24. Bxa6 Bxa6 25. Rxe4 Bf6 26. Rc1 c5 27. dxc5 dxc5 28. b4 Bd3 29. Rf4 Be7 30. Ne5 Bg5 31. Rf3 Bxc1 32. Nxd3 cxb4 33. Nxb4 Bg5 34. Rb3 Rd1+ 35. Kh2 Bf4+ 36. g3 Bd6 37. Nd3 Bc5 38. a5 Bxf2 39. Nxf2 Rd2 40. axb6 Rxf2+ 41. Kg1 1-0

[Event "Titled Tuesday intern op 24th Aug"]
[Site "Chess.com INT"]
[Date "2021.08.24"]
[Round "1"]
[White "Real de Azua, Ernesto"]
[Black "Orzechowski, Jacek"]
[Result "1-0"]
[WhiteElo "2440"]
[BlackElo "2125"]
[PlyCount "55"]
[EventDate "2021.08.24"]
[EventType "swiss (blitz)"]
[EventRounds "11"]
[EventCountry "USA"]
[SourceTitle "EXT 2022"]
[Source "ChessBase"]
[SourceDate "2021.10.06"]
[SourceVersion "1"]
[SourceVersionDate "2021.10.06"]
[SourceQuality "1"]

1. e4 Nc6 2. d4 d5 3. e5 Bf5 4. c3 e6 5. Nd2 f6 6. f4 Nh6 7. Ndf3 Be7 8. Bd3 Bxd3 9. Qxd3 fxe5 10. fxe5 0-0 11. Bxh6 gxh6 12. Ne2 Qe8 13. 0-0 Qg6 14. Rad1 Rac8 15. b4 a5 16. b5 Na7 17. a4 c5 18. Qe3 Bg5 19. Nxg5 Qxg5 20. Rxf8+ Rxf8 21. Qxg5+ hxg5 22. dxc5 Rc8 23. c6 bxc6 24. b6 Nb5 25. axb5 cxb5 26. Rb1 b4 27. cxb4 a4 28. Nd4 1-0

[Event "Titled Tuesday intern op 24th Aug"]
[Site "Chess.com INT"]
[Date "2021.08.24"]
[Round "5"]
[White "Real de Azua, Ernesto"]
[Black "Serikbay, Assel"]
[Result "0-1"]
[WhiteElo "2440"]
[BlackElo "2221"]
[PlyCount "84"]
[EventDate "2021.08.24"]
[EventType "swiss (blitz)"]
[EventRounds "11"]
[EventCountry "USA"]
[SourceTitle "EXT 2022"]
[Source "ChessBase"]
[SourceDate "2021.10.06"]
[SourceVersion "1"]
[SourceVersionDate "2021.10.06"]
[SourceQuality "1"]

1. d4 Nf6 2. c4 g6 3. Nc3 Bg7 4. e4 d6 5. h3 0-0 6. Be3 Nbd7 7. g4 e5 8. d5 Qe7 9. Nge2 Ne8 10. Ng3 c6 11. h4 Nc5 12. f3 f5 13. gxf5 gxf5 14. exf5 Bxf5 15. Nxf5 Rxf5 16. Bxc5 dxc5 17. Ne4 Rf4 18. Bd3 Rxh4 19. Ke2 Rf4 20. Qg1 Nd6 21. Qxc5 Rd8 22. Rag1 b6 23. Qxc6 Nf5 24. Kd1 Rxf3 25. Bc2 Ne3+ 26. Kc1 Nxc2 27. Kxc2 Rf4 28. Nc3 e4 29. Qe6+ Qxe6 30. dxe6 Rf2+ 31. Kb3 e3 32. Ne4 Rd3+ 33. Ka4 Rf4 34. Ng5 Rxc4+ 35. Kb5 Rc5+ 36. Ka6 Rd6 37. Nf7 Rxe6 38. Nh6+ Kf8 39. Rf1+ Ke8 40. Nf5 b5+ 41. Kxa7 Be5 42. Rxh7 Rc7+ 0-1

[Event "Titled Tuesday intern op 24th Aug"]
[Site "Chess.com INT"]
[Date "2021.08.24"]
[Round "7"]
[White "Zong, Davis Jr"]
[Black "Real de Azua, Ernesto"]
[Result "1-0"]
[WhiteElo "2129"]
[BlackElo "2440"]
[PlyCount "73"]
[EventDate "2021.08.24"]
[EventType "swiss (blitz)"]
[EventRounds "11"]
[EventCountry "USA"]
[SourceTitle "EXT 2022"]
[Source "ChessBase"]
[SourceDate "2021.10.06"]
[SourceVersion "1"]
[SourceVersionDate "2021.10.06"]
[SourceQuality "1"]

1. d4 Nf6 2. c4 c5 3. d5 d6 4. Nc3 g6 5. e4 Bg7 6. Nf3 0-0 7. Be2 e6 8. 0-0 exd5 9. cxd5 Na6 10. h3 Nc7 11. Bf4 Rb8 12. a4 Nfe8 13. Nd2 f5 14. Bh2 f4 15. Bg4 g5 16. Nc4 Nf6 17. Bxc8 Rxc8 18. Re1 Re8 19. e5 dxe5 20. d6 Ne6 21. Nxe5 Nd4 22. Nb5 Nd7 23. Nxd4 Nxe5 24. Nf5 Bf6 25. Qd5+ Kh8 26. Rad1 Qd7 27. Nh6 Kg7 28. Ng4 Nxg4 29. hxg4 h6 30. f3 b6 31. Kh1 Rxe1+ 32. Rxe1 Rd8 33. Re6 Qf7 34. Bg1 Bd4 35. Bxd4+ cxd4 36. Qxd4+ Kh7 37. Re7 1-0